| 000 | 00755nam a2200265Ia 4500 | ||
|---|---|---|---|
| 001 | Para_4066 | ||
| 003 | CHAP | ||
| 008 | 220125s1923 xx 000 0 und d | ||
| 010 | _a202536 | ||
| 040 | _cCHAP | ||
| 090 | _aPA FOLLETO 1474 | ||
| 100 |
_aWalden, B. H. _9120837 |
||
| 245 |
_aThe raspberry fruit worm / _c B. H. Walden |
||
| 260 |
_aNew Haven, Connecticut : _b Agricultural Experiment Station |
||
| 300 | _ap. 92-99 | ||
| 440 |
_aConnecticut. Agr. Exp. Sta. Bull; 251 _9167796 |
||
| 650 |
_aByturus unicolor Frambuesa _x Plagas _9167797 |
||
| 901 | _aPA FOLLETO 1474 | ||
| 902 | _aA | ||
| 905 | _a0000001923 NEW 0000000000 00 | ||
| 910 | _a1923 | ||
| 942 | _cPARA | ||
| 942 |
_cPARA _d1 |
||
| 999 |
_c202536 _d202536 |
||